Lai zi fu qin de li wu (Record no. 38736)
[ view plain ]
| 000 -LEADER | |
|---|---|
| fixed length control field | 01557nam a2200325 i 4500 |
| 001 - CONTROL NUMBER | |
| control field | P20191108038 |
| 008 - FIXED-LENGTH DATA ELEMENTS--GENERAL INFORMATION | |
| fixed length control field | 220713s2019 ch a s 000 0 chi d |
| 020 ## - INTERNATIONAL STANDARD BOOK NUMBER | |
| International Standard Book Number | 9789577275714 |
| 050 #4 - LIBRARY OF CONGRESS CALL NUMBER | |
| Classification number | BS645 |
| Item number | S536 2019 |
| 100 1# - MAIN ENTRY--PERSONAL NAME | |
| Linkage | 880-01 |
| Personal name | Shang, Zhiyong. |
| 245 10 - TITLE STATEMENT | |
| Linkage | 880-02 |
| Title | Lai zi fu qin de li wu |
| Medium | [electronic resource] : |
| Remainder of title | zai sheng jing xin li xue zhong yong bao sheng ming tui bian de guan xi / |
| Statement of responsibility, etc. | Shang Zhiyong zhu. |
| 246 30 - VARYING FORM OF TITLE | |
| Linkage | 880-03 |
| Title proper/short title | Zai sheng jing xin li xue zhong yong bao sheng ming tui bian de guan xi |
| 250 ## - EDITION STATEMENT | |
| Linkage | 880-04 |
| Edition statement | Chu ban. |
| 260 ## - PUBLICATION, DISTRIBUTION, ETC. | |
| Linkage | 880-05 |
| Place of publication, distribution, etc. | Taibei Shi : |
| Name of publisher, distributor, etc. | Jidu jiao yu zhou guang quan ren guan huai ji gou, |
| Date of publication, distribution, etc. | 2019. |
| 300 ## - PHYSICAL DESCRIPTION | |
| Extent | 221 p. : |
| Other physical details | ill. |
| 490 1# - SERIES STATEMENT | |
| Linkage | 880-06 |
| Series statement | Xin li.li zhi ; |
| Volume/sequential designation | 17 |
| 504 ## - BIBLIOGRAPHY, ETC. NOTE | |
| Bibliography, etc. note | Includes bibliographical references (p. 218-221). |
| 533 ## - REPRODUCTION NOTE | |
| Type of reproduction | Electronic reproduction. |
| Place of reproduction | New Taipei City : |
| Agency responsible for reproduction | Airiti. |
| Note about reproduction | System requirements: iRead eBook. |
| -- | Available via World Wide Web. |
| 630 00 - SUBJECT ADDED ENTRY--UNIFORM TITLE | |
| Uniform title | Bible |
| General subdivision | Psychology. |
| 830 #0 - SERIES ADDED ENTRY--UNIFORM TITLE | |
| Linkage | 880-07 |
| Uniform title | Xin li.li zhi ; |
| Volume/sequential designation | 17. |
| 856 40 - ELECTRONIC LOCATION AND ACCESS | |
| Uniform Resource Identifier | <a href="https://www.airitibooks.com/Detail/Detail?PublicationID=P20191108038">https://www.airitibooks.com/Detail/Detail?PublicationID=P20191108038</a> |
| 880 1# - ALTERNATE GRAPHIC REPRESENTATION | |
| Linkage | 100-01/ |
| -- | |
| a | 商志雍. |
| 880 10 - ALTERNATE GRAPHIC REPRESENTATION | |
| Linkage | 245-02/ |
| -- | |
| a | 來自父親的禮物 |
| h | [electronic resource] : |
| b | 在聖經心理學中擁抱生命蛻變的關係 / |
| c | 商志雍著. |
| 880 30 - ALTERNATE GRAPHIC REPRESENTATION | |
| Linkage | 246-03/ |
| -- | |
| a | 在聖經心理學中擁抱生命蛻變的關係 |
| 880 ## - ALTERNATE GRAPHIC REPRESENTATION | |
| Linkage | 250-04/ |
| -- | |
| a | 初版. |
| 880 ## - ALTERNATE GRAPHIC REPRESENTATION | |
| Linkage | 260-05/ |
| -- | |
| a | 臺北市 : |
| b | 基督教宇宙光全人關懷機構, |
| c | 2019. |
| 880 1# - ALTERNATE GRAPHIC REPRESENTATION | |
| Linkage | 490-06/ |
| -- | |
| a | 心理.勵志 ; |
| v | 17 |
| 880 #0 - ALTERNATE GRAPHIC REPRESENTATION | |
| Linkage | 830-07/ |
| -- | |
| a | 心理.勵志 ; |
| v | 17. |
No items available.